UM Logo

Environmental science for beginners / (Record no. 22900)

MARC details
000 -LEADER
fixed length control field 00558nam a22001697a 4500
005 - DATE AND TIME OF LATEST TRANSACTION
control field 20241118152316.0
008 - FIXED-LENGTH DATA ELEMENTS--GENERAL INFORMATION
fixed length control field 241024b |||||||| |||| 00| 0 eng d
020 ## - INTERNATIONAL STANDARD BOOK NUMBER
International Standard Book Number 9781774694121
082 ## - DEWEY DECIMAL CLASSIFICATION NUMBER
Classification number DC 363.7 N143 2023
100 ## - MAIN ENTRY--PERSONAL NAME
Personal name Naidoo, Shalinee.
9 (RLIN) 63445
245 ## - TITLE STATEMENT
Title Environmental science for beginners /
Statement of responsibility, etc. Shalinee Naidoo.
260 ## - PUBLICATION, DISTRIBUTION, ETC. (IMPRINT)
Place of publication, distribution, etc. Canada :
Name of publisher, distributor, etc. Delve Publishing,
Date of publication, distribution, etc. ©2023.
300 ## - PHYSICAL DESCRIPTION
Extent xvii, 256 pages :
Other physical details illustrations (some color) ;
Dimensions 23 cm.
500 ## - GENERAL NOTE
General note Includes references and index.
650 #0 - SUBJECT ADDED ENTRY--TOPICAL TERM
Topical term or geographic name as entry element Environmental sciences.
9 (RLIN) 64244
942 ## - ADDED ENTRY ELEMENTS (KOHA)
Source of classification or shelving scheme Dewey Decimal Classification
Koha item type Circulation
Holdings
Withdrawn status Lost status Source of classification or shelving scheme Damaged status Not for loan Collection code Home library Current library Date acquired Source of acquisition Cost, normal purchase price Total Checkouts Full call number Barcode Date last seen Price effective from Koha item type
    Dewey Decimal Classification     Circulation UM Digos College - LIC UM Digos College - LIC 08/20/2024 Purchased 7300.00   DC 363.7 N143 2023 28414 05/15/2025 10/24/2024 Circulation